| 000 -LEADER |
| fixed length control field |
01024cam a2200277Ia 4500 |
| 020 ## - INTERNATIONAL STANDARD BOOK NUMBER |
| ISBN |
0439691710 |
| 020 ## - INTERNATIONAL STANDARD BOOK NUMBER |
| ISBN |
9780439691710 |
| 020 ## - INTERNATIONAL STANDARD BOOK NUMBER |
| ISBN |
0439692423 |
| 020 ## - INTERNATIONAL STANDARD BOOK NUMBER |
| ISBN |
9780439692427 |
| 040 ## - CATALOGING SOURCE |
| Transcribing agency |
IUI |
| 082 #4 - DEWEY DECIMAL CLASSIFICATION NUMBER |
| Classification number |
813 SCH 2004 A092 Or. |
| 100 1# - MAIN ENTRY--AUTHOR NAME |
| Personal name |
Downer, Ann, |
| 245 10 - TITLE STATEMENT |
| Title |
Hatching magic / |
| 260 ## - PUBLICATION, DISTRIBUTION, ETC. (IMPRINT) |
| Place of publication |
New York : |
| Name of publisher |
Scholastic, |
| Year of publication |
2004, c2003. |
| 300 ## - PHYSICAL DESCRIPTION |
| Number of Pages |
242 p. : |
| Other physical details |
ill. ; |
| Dimensions |
20 cm. |
| 500 ## - GENERAL NOTE |
| General note |
"This edition is only available for distribution through the school market"--back cover. |
| 500 ## - GENERAL NOTE |
| General note |
Originally published: New York : Atheneum Books for Young Readers, 2003. |
| 520 ## - SUMMARY, ETC. |
| Summary, etc |
When a thirteenth-century wizard confronts twenty-first century Boston while seeking his pet dragon, he is followed by a rival wizard and a very unhappy demon, but eleven-year-old Theodora Oglethorpe may hold the secret to setting everything right. |
| 650 #0 - SUBJECT ADDED ENTRY--TOPICAL TERM |
| Topical Term |
Wizards |
| 650 #0 - SUBJECT ADDED ENTRY--TOPICAL TERM |
| Topical Term |
Dragons |
| 650 #0 - SUBJECT ADDED ENTRY--TOPICAL TERM |
| Topical Term |
Time travel |
| 650 #0 - SUBJECT ADDED ENTRY--TOPICAL TERM |
| Topical Term |
Magic |
| 650 #0 - SUBJECT ADDED ENTRY--TOPICAL TERM |
| Topical Term |
Fathers and daughters |
| 650 #0 - SUBJECT ADDED ENTRY--TOPICAL TERM |
| Topical Term |
Nannies |
| 942 ## - ADDED ENTRY ELEMENTS (KOHA) |
| Koha item type |
សៀវភៅភាសាអង់គ្លេស |
| 952 ## - LOCATION AND ITEM INFORMATION (KOHA) |
| Withdrawn status [LOCAL, KOHA] |
0 |